| 000 | 00000nam 2200000za 4500 |
| 001 | 9.816819 |
| 003 | CaOODSP |
| 005 | 20221107142332 |
| 007 | cr ||||||||||| |
| 008 | 160504s2016 oncbd ob f000 0 eng d |
| 040 | |aCaOODSP|beng |
| 041 | |aeng|bfre |
| 043 | |an-cn--- |
| 086 | 1 |aFs70-5/2016-033E-PDF |
| 245 | 00|aModelling the effects of chemical and physical drivers on fisheries productivity metrics across rivers of varying hydrological regimes |h[electronic resource] : |blessons learned from NSERC HydroNet 2009-2015 / |cD. Boisclair … [et al.]. |
| 246 | 30|aLessons learned from NSERC HydroNet 2009-2015 |
| 246 | 33|aModélisation des effets des facteurs chimiques et physiques sur les paramètres de productivité des pêches dans des rivières ayant des régimes hydrologiques différents : leçons retenues du réseau HydroNet du CRSNG, de 2009 à 2015 |
| 260 | |aOttawa : |bFisheries and Oceans Canada, |c2016. |
| 300 | |aviii, 61 p. : |bill. |
| 490 | 1 |aCanadian Science Advisory Secretariat research document, |x1919-5044 ; |v2016/033, National Capital Region |
| 500 | |a“April 2016.” |
| 504 | |aIncludes bibliographical references. |
| 692 | 07|2gccst|aHydroelectric plants |
| 692 | 07|2gccst|aEnvironmental impact |
| 692 | 07|2gccst|aFisheries |
| 692 | 07|2gccst|aRivers |
| 700 | 1 |aBoisclair, Daniel,|d1958- |
| 710 | 1 |aCanada. |bDepartment of Fisheries and Oceans. |
| 710 | 2 |aCanadian Science Advisory Secretariat. |
| 830 | #0|aResearch document (Canadian Science Advisory Secretariat)|x1919-5044 ; |v2016/033, National Capital Region|w(CaOODSP)9.507396 |
| 856 | 40|qPDF|s1.82 MB|uhttps://publications.gc.ca/collections/collection_2016/mpo-dfo/Fs70-5-2016-033-eng.pdf |